Exploring the Trinity : (Record no. 25320)

MARC details
000 -LEADER
fixed length control field 00805nam a22002177a 4500
003 - CONTROL NUMBER IDENTIFIER
control field AUA.1
005 - DATE AND TIME OF LATEST TRANSACTION
control field 20260312190736.0
008 - FIXED-LENGTH DATA ELEMENTS--GENERAL INFORMATION
fixed length control field 260312b |||||||| |||| 00| 0 eng d
020 ## - INTERNATIONAL STANDARD BOOK NUMBER
International Standard Book Number 9780925675606
040 ## - CATALOGING SOURCE
Transcribing agency JTL
050 ## - LIBRARY OF CONGRESS CALL NUMBER
Classification number BT111.3
Item number .R48 2025
245 ## - TITLE STATEMENT
Title Exploring the Trinity :
Remainder of title questions and answers /
Statement of responsibility, etc [edited by] Clinton Wahlen and John Peckham.
260 ## - PUBLICATION, DISTRIBUTION, ETC. (IMPRINT)
Place of publication, distribution, etc Silver Spring, Maryland :
Name of publisher, distributor, etc Biblical Research Institute,
Date of publication, distribution, etc c2025.
300 ## - PHYSICAL DESCRIPTION
Extent xxvii, 506 pages :
Dimensions 24 cm.
490 ## - SERIES STATEMENT
Series statement Biblical Research Institute studies on the Trinity
Volume number/sequential designation volume 2
650 ## - SUBJECT ADDED ENTRY--TOPICAL TERM
Topical term or geographic name as entry element Trinity
General subdivision History of Doctrines
650 ## - SUBJECT ADDED ENTRY--TOPICAL TERM
Topical term or geographic name as entry element Trinity
Form subdivision Biblical teaching
General subdivision Doctrinal theology
700 ## - ADDED ENTRY--PERSONAL NAME
Personal name Wahlen, Clinton
Relator term editor
700 ## - ADDED ENTRY--PERSONAL NAME
Personal name Peckham, John
Relator term editor
942 ## - ADDED ENTRY ELEMENTS (KOHA)
Source of classification or shelving scheme Library of Congress Classification
Koha item type Books
Classification part BT 111.3
Item part .R48 2025
Holdings
Withdrawn status Lost status Source of classification or shelving scheme Damaged status Not for loan Collection code Home library Current library Shelving location Date acquired Source of acquisition Cost, normal purchase price Serial Enumeration / chronology Total Checkouts Full call number Barcode Date last seen Date checked out Copy number Cost, replacement price Price effective from Koha item type
    Library of Congress Classification     Books Judith Thomas Library Judith Thomas Library General Stacks 12/03/2026 Donation, Biblical Research Institute 9.99 AUA28073 1 BT 111.3 .R48 2025 AUA28073 30/03/2026 19/03/2026 v.2 9.99 12/03/2026 Books